| 000 | 00402nam a2200169Ia 4500 | ||
|---|---|---|---|
| 001 | 25988 | ||
| 003 | IN-NITTTR | ||
| 005 | 20251114233328.0 | ||
| 008 | 251113s9999||||xx |||||||||||||| ||eng|| | ||
| 040 | _beng | ||
| 040 | _cIN-NITTTR | ||
| 041 | _aeng | ||
| 082 | _a005.133C B17C | ||
| 100 | _aBakharia, Aneesha | ||
| 245 | 0 |
_aC# fast and easy web development / _cBakharia, Aneesha |
|
| 942 |
_2ddc _cBK |
||
| 999 |
_c28617 _d28617 |
||